| 000 | 01000nam a22002057a 4500 | ||
|---|---|---|---|
| 003 | OSt | ||
| 005 | 20250910091010.0 | ||
| 008 | 240226b ||||| |||| 00| 0 eng d | ||
| 040 | _c0 | ||
| 082 | _aDPer 621.317 Ie21 June 2022 v. 37 n. 6 | ||
| 100 |
_ados Santos, Niwton Gabriel Feliciani. _eauthor. _953318 |
||
| 245 |
_aA two-switch forward partial power converter for step-up/down string PV systems / _cNiwton Gabriel Feliciani dos Santos, Jonatan Rafael Rakoski Zientarski, and Mario Lucio da Silva Martins. |
||
| 260 |
_aNew York ; _bThe Institute of Electrical and Electronics Engineers, Inc. , _cJune 2022. |
||
| 300 |
_aVolume 37, pages 6247-6252 : _billustration ; _c29 cm. |
||
| 500 | _aIEEE Transactions on Power Electronics, vol. 37, no. 6, pages 6247-6252, June 2022. | ||
| 700 |
_ados Santos, Niwton Gabriel Feliciani. _eauthor. _953318 |
||
| 700 |
_aZientarski, Jonatan Rafael Rakoski. _eauthor. _953319 |
||
| 700 |
_a da Silva Martins, Mario Luci. _eauthor. _953320 |
||
| 942 |
_2ddc _cPER |
||
| 999 |
_c19353 _d19353 |
||